Marvel Actors - Statistics

General Stats
  • This quiz has been taken 63 times
  • The average score is 40 of 192
Answer Stats
Actor % Correct
Chris Evans
95%
Robert Downey Jr.
95%
Tom Holland
95%
Chris Hemsworth
86%
Chris Pratt
82%
Mark Ruffalo
82%
Tom Hiddleston
77%
Benedict Cumberbatch
73%
Elizabeth Olsen
68%
Scarlet Johansson
68%
Andrew Garfield
64%
Chadwick Boseman
64%
Paul Rudd
64%
Sebastian Stan
64%
Zoe Saldaña
64%
Anthony Mackie
59%
Brie Larson
59%
Jeremy Renner
59%
Vin Diesel
59%
Bradley Cooper
55%
Dave Bautista
55%
Hugh Jackman
55%
Samuel L. Jackson
55%
Tobey Maguire
55%
Natalie Portman
50%
Ian McKellen
45%
Jeff Bridges
45%
Josh Brolin
45%
Michael Keaton
45%
Zendaya
45%
Don Cheadle
41%
Idris Elba
41%
Jake Gyllenhaal
41%
Patrick Stewart
41%
Pedro Pascal
41%
Aaron Taylor-Johnson
36%
Benedict Wong
36%
Ryan Reynolds
36%
Stan Lee
36%
Christian Bale
32%
David Harbour
32%
Gwyneth Paltrow
32%
Jennifer Lawrence
32%
Karen Gillan
32%
Michael B. Jordan
32%
Tom Hardy
32%
Vanessa Kirby
32%
Emma Stone
27%
Evangeline Lilly
27%
Florence Pugh
27%
Halle Berry
27%
James Franco
27%
Jared Leto
27%
Jon Favreau
27%
Jude Law
27%
Matt Damon
27%
Paul Bettany
27%
Andy Serkis
23%
Edward Norton
23%
James McAvoy
23%
Jeff Goldblum
23%
Joseph Quinn
23%
Michael Douglas
23%
Michael Fassbender
23%
Will Poulter
23%
Alfred Molina
18%
Anthony Hopkins
18%
Anya Taylor-Joy
18%
Charlie Cox
18%
Cobie Smulders
18%
Hayley Atwell
18%
James Spader
18%
Jamie Foxx
18%
Kurt Russell
18%
Lewis Pullman
18%
Marisa Tomei
18%
Michelle Pfeiffer
18%
Pom Klementieff
18%
Willem Dafoe
18%
Woody Harrelson
18%
Wyatt Russell
18%
Angela Bassett
14%
Angelina Jolie
14%
Ben Affleck
14%
Ben Kingsley
14%
Cate Blanchett
14%
Clark Gregg
14%
Ebon Moss-Bachrach
14%
Harrison Ford
14%
Jacob Batalon
14%
James Marsden
14%
John Krasinski
14%
Jon Bernthal
14%
Letitia Wright
14%
Oscar Isaac
14%
Simu Liu
14%
Terrence Howard
14%
Tessa Thompson
14%
will.i.am
14%
Alan Cumming
9%
Awkwafina
9%
Ethan Hawke
9%
Evan Peters
9%
Guy Pearce
9%
Hailee Steinfeld
9%
Harry Styles
9%
Iman Vellani
9%
Jennifer Garner
9%
J.K. Simmons
9%
Joe Locke
9%
Julia Garner
9%
Kat Dennings
9%
Kevin Bacon
9%
Kirsten Dunst
9%
Laurence Fishburne
9%
Owen Wilson
9%
Rachel McAdams
9%
Richard Madden
9%
Salma Hayek
9%
Sean Gunn
9%
Stanley Tucci
9%
Taika Waititi
9%
Tatiana Maslany
9%
Thomas Haden Church
9%
Tim Roth
9%
Vincent D'Onofrio
9%
Wesley Snipes
9%
Xochitl Gomez
9%
Anthony Ramos
5%
Barry Keoghan
5%
Benicio del Toro
5%
Bill Skarsgård
5%
Brian Tyree Henry
5%
Channing Tatum
5%
Dafne Keen
5%
Danai Gurira
5%
Daniel Brühl
5%
Daniel Kaluuya
5%
David Dastmalchian
5%
Dominique Thorne
5%
Donald Glover
5%
Emma Roberts
5%
Frank Grillo
5%
Gemma Chan
5%
Jessica Alba
5%
Jonathan Majors
5%
Karl Urban
5%
Ke Huy Quan
5%
Kumail Nanjiani
5%
Lauren Ridloff
5%
Mahershala Ali
5%
Michael Mando
5%
Michael Peña
5%
Michael Rooker
5%
Nicholas Cage
5%
Nicholas Hoult
5%
Patton Oswalt
5%
Peter Dinklage
5%
Randall Park
5%
Rhys Ifans
5%
Russell Crowe
5%
Shawn Ashmore
5%
Sydney Sweeney
5%
Sylvester Stallone
5%
Tony Revolori
5%
Topher Grace
5%
Ty Burrell
5%
Zachary Levi
5%
Adam Scott
0%
Bill Murray
0%
Bruce Campbell
0%
Cailey Fleming
0%
Charlie Heaton
0%
Dominic Purcell
0%
Elliot Page
0%
Elon Musk
0%
Eric Bana
0%
Erin Moriarty
0%
Giancarlo Esposito
0%
Jameela Jamil
0%
John Travolta
0%
Josh Gad
0%
Krysten Ritter
0%
Lucas Till
0%
Ma Dong-seok
0%
Michael Chiklis
0%
Miles Teller
0%
Nathan Fillion
0%
Norman Reedus
0%
Ross Marquand
0%
Sterling K. Brown
0%
Zoë Kravitz
0%
No matching quizzes found
Score Distribution
Percent of People with Each Score
Percentile by Number Answered
Your Score History
You have not taken this quiz